| 000 | 00874njm a2200289Ia 4500 | ||
|---|---|---|---|
| 001 | 97149 | ||
| 003 | IT-RoPAU | ||
| 005 | 20220918181136.0 | ||
| 008 | 131025s9999 xx 000 0 und d | ||
| 040 | _aIT-RoPAU | ||
| 040 | _cIT-RoPAU | ||
| 041 | _aITALIANO | ||
| 999 |
_c100925 _d100925 |
||
| 999 | _bn.d. | ||
| 100 |
_aRossini Gioachino _92267 |
||
| 100 |
_eAutore musica _927625 |
||
| 100 |
_gCodice autore musica SPICS: 11125 _92269 |
||
| 245 | _aEnsemble Handt | ||
| 250 | _a1a ed. | ||
| 260 | _aFOLIGNO/ROMA | ||
| 260 |
_bCAMPI _c1968 [1a Ed.:1968] |
||
| 300 | _aDISCO | ||
| 500 | _aMusica operistica. Musica lirica. Arrangiamento | ||
| 505 | _aPeches de Vieillesse - Musique anodine (Mi lagnerò tacendo) | ||
| 650 |
_aOPERA [DISCHI] _eCodice MATERIA SPICS: 9950 _9961 |
||
| 700 |
_aBohnke Robert Alexander _gCodice interprete SPICS: 33665 _eInterprete _927626 |
||
| 942 |
_cMD _2ddc |
||